00449nam a2200145Ia 450000500170000000800460001703700120006304000200007504100130009508400090010824500720011726000810018930000180027036500150028820250923145109.0008 250917s9999 xx 000 0 eng d aTextual aDSWLbengcDSWL aeng2eng qDSWL 0aPunjabi census Atlas , Vol. XIII Part-IXcby Census of India 1961  aDelhibSupttd of Census operations Punjab (Manager of Publications ) c1966 axviii,108 p. aINRb30.50